Statistiken für Filme Logos

Klicken Sie hier um das Quiz zu spielen!

Allgemein

  • Dieses Quiz wurde 2.071 mal gespielt
  • Das Durchschnittsergebnis liegt bei 10 aus 20

Antwortstatistiken

Antwort% Korrekt
Star Wars
97%
Harry Potter
96%
Venom
88%
Herr der Ringe
81%
Dune
80%
The Wolf of Wallstreet
76%
Indiana Jones
73%
Guardians of the Galaxy
63%
Matrix
47%
Zombieland
38%
Once Upon A Time In Hollywood
36%
Transformers
35%
John Wick
29%
Hangover
27%
Inception
22%
Maleficent
18%
Inglorious Bastards
16%
Oppenheimer
16%
Uncharted
16%
127 Hours
10%

Verteilung der Resultate

Perzentil nach korrekt beantworteten Fragen

Anzahl Personen mit jedem Resultat

Ihre Resultats-Entwicklung

Sie haben dieses Quiz noch nicht gespielt